000 00217 a2200097 4500
001 30258
100 _aKirst, H H
245 _aZero Eight Fifteen
260 _aLondon
_bWadenfeld & Nicolson
_c
090 _c20201
_d20201
942 _aNUST-CAE
_cM
_c11339
999 _c265331
_d265331